000 01181cam a22003134a 4500
001 14023458
003 OSt
005 20180116192419.0
008 050701s2006 flua b 001 0 eng
010 _a 2005051077
020 _a0415322200 (hardcover : alk. paper)
020 _a9780415322201
035 _a(OCoLC)ocm60839475
040 _aDLC
_cDLC
_dBAKER
_dC#P
_dDLC
042 _apcc
050 0 0 _aNK1505
_b.K755 2006
082 0 0 _a745.4
_222
100 1 _aKrippendorff, Klaus.
_97112
245 1 4 _aThe semantic turn :
_ba new foundation for design /
_cKlaus Krippendorff.
260 _aBoca Raton :
_bCRC/Taylor & Francis,
_c2006.
300 _a349 p. :
_bill. ;
_c25 cm.
504 _aIncludes bibliographical references (p. 323-334) and index.
650 0 _aDesign
_xPhilosophy.
_97113
650 0 _aIndustrial design
_xSocial aspects.
_97114
856 4 2 _3Publisher description
_uhttp://www.loc.gov/catdir/enhancements/fy0647/2005051077-d.html
906 _a7
_bcbc
_corignew
_d1
_eocip
_f20
_gy-gencatlg
942 _2ddc
_cBK
999 _c353838
_d353838